[Event "BL2-Sued 9899"]
[Site "Germany"]
[Date "1998.10.18"]
[Round "1.7"]
[White "Seitz, Michael"]
[Black "Welker, Michael"]
[Result "0-1"]
[WhiteElo "2260"]
[BlackElo "2110"]
[PlyCount "94"]
[EventDate "1998.10.18"]
[EventType "team-tourn"]
[EventRounds "9"]
[EventCountry "GER"]
[SourceTitle "GER-chT2"]
[Source "ChessBase"]
[SourceDate "1999.07.01"]
[SourceVersion "1"]
[SourceVersionDate "1999.07.01"]
[SourceQuality "1"]
[WhiteTeam "Passau II"]
[BlackTeam "Schmiden Cannstatt"]
[WhiteTeamCountry "GER"]
[BlackTeamCountry "GER"]

1. e4 e6 2. d4 d5 3. Nd2 Nf6 4. e5 Nfd7 5. c3 c5 6. Bd3 Nc6 7. Ne2 Qb6 8. Nf3 cxd4 9. cxd4 f6 10. exf6 Nxf6 11. 0-0 Bd6 12. b3 0-0 13. Bb2 Bd7 14. Ng3 Rae8 15. Ne5 Re7 16. Rc1 Be8 17. Kh1 Nd7 18. f4 Rf6 19. h3 Nf8 20. Ne2 Bg6 21. a3 Bxd3 22. Qxd3 Ng6 23. g3 Rc7 24. b4 Nce7 25. Rxc7 Qxc7 26. Rc1 Qd8 27. Qb5 b6 28. Kh2 Rf8 29. Qd3 Qa8 30. Nf3 Rc8 31. Nc3 Nf8 32. Re1 h6 33. Ne5 Qb7 34. Re2 a6 35. h4 Rc7 36. b5 a5 37. Na4 Bxe5 38. dxe5 Rc4 39. Nc3 Qc7 40. Rd2 Nd7 41. Ne2 Nc5 42. Qf3 Ne4 43. Rd1 Rc2 44. Rc1 Qc4 45. Rxc2 Qxc2 46. Bd4 Nf5 47. Bxb6 Nexg3 0-1

[Event "Landesliga Sued 9697"]
[Site "Bayern"]
[Date "1997.01.12"]
[Round "4"]
[White "Hofmann, Juergen2222"]
[Black "Seitz, Michael"]
[Result "1/2-1/2"]
[WhiteElo "2105"]
[BlackElo "2180"]
[PlyCount "42"]
[EventDate "1996.10.13"]
[EventType "team-tourn"]
[EventRounds "9"]
[EventCountry "GER"]
[SourceTitle "EXT 2020"]
[Source "ChessBase"]
[SourceDate "2019.10.17"]
[SourceVersion "1"]
[SourceVersionDate "2019.10.17"]
[SourceQuality "1"]
[WhiteTeam "Graefelfing SK"]
[BlackTeam "Passau II"]
[WhiteTeamCountry "GER"]
[BlackTeamCountry "GER"]

1. e4 c5 2. Nf3 d6 3. d4 cxd4 4. Nxd4 Nf6 5. Nc3 a6 6. Bg5 e6 7. f4 Qb6 8. Nb3 Nbd7 9. Qf3 Be7 10. 0-0-0 Qc7 11. Bd3 b5 12. Nd4 b4 13. Nd5 exd5 14. Nf5 Nc5 15. Nxg7+ Kd8 16. e5 Bg4 17. exf6 Bxf3 18. fxe7+ Kd7 19. Bf5+ Kc6 20. gxf3 Rhg8 21. Rhe1 Rxg7 1/2-1/2

[Event "Regionalliga SO 9596"]
[Site "Bayern"]
[Date "1996.05.19"]
[Round "9"]
[White "Seitz, Michael"]
[Black "Haletzki, Bernd"]
[Result "1-0"]
[WhiteElo "2135"]
[BlackElo "1955"]
[PlyCount "66"]
[EventDate "1995.10.15"]
[EventType "team-tourn"]
[EventRounds "9"]
[EventCountry "GER"]
[SourceTitle "EXT 1999"]
[Source "ChessBase"]
[SourceDate "1998.11.16"]
[SourceVersion "1"]
[SourceVersionDate "1998.11.16"]
[SourceQuality "1"]
[WhiteTeam "Passau II"]
[BlackTeam "Straubing PSV"]
[WhiteTeamCountry "GER"]
[BlackTeamCountry "GER"]

1. e4 e6 2. d4 d5 3. Nd2 c5 4. exd5 Qxd5 5. Ngf3 cxd4 6. Bc4 Qd6 7. 0-0 Nf6 8. Nb3 Nc6 9. Nbxd4 Nxd4 10. Nxd4 a6 11. a4 Qc7 12. Qe2 Bd6 13. Nf5 Bxh2+ 14. Kh1 0-0 15. Nxg7 Kxg7 16. g3 e5 17. Kxh2 b6 18. Bd3 Re8 19. f3 Bb7 20. Be4 Rac8 21. Bxb7 Qxb7 22. Bg5 Re6 23. c3 Nh5 24. Rae1 Qc7 25. Qe4 Rg6 26. Bh4 Re8 27. Qf5 Nf6 28. Re2 Re6 29. Rfe1 e4 30. fxe4 Ng4+ 31. Kg2 Re5 32. Qf4 Qc5 33. Kh3 Rh5 1-0

[Event "Regionalliga SO 9596"]
[Site "Bayern"]
[Date "1996.04.21"]
[Round "8"]
[White "Seitz, Michael"]
[Black "Neumueller, Theo"]
[Result "1/2-1/2"]
[WhiteElo "2135"]
[BlackElo "1980"]
[PlyCount "21"]
[EventDate "1995.10.15"]
[EventType "team-tourn"]
[EventRounds "9"]
[EventCountry "GER"]
[SourceTitle "EXT 1999"]
[Source "ChessBase"]
[SourceDate "1998.11.16"]
[SourceVersion "1"]
[SourceVersionDate "1998.11.16"]
[SourceQuality "1"]
[WhiteTeam "Passau II"]
[BlackTeam "Unterpfaff Germering"]
[WhiteTeamCountry "GER"]
[BlackTeamCountry "GER"]

1. e4 e6 2. d4 d5 3. Nd2 c5 4. exd5 Qxd5 5. Ngf3 cxd4 6. Bc4 Qd6 7. 0-0 Nf6 8. Nb3 Nc6 9. Nbxd4 Nxd4 10. Qxd4 Bd7 11. Bf4 1/2-1/2

[Event "GER CupT"]
[Site "Germany"]
[Date "1993.??.??"]
[Round "?"]
[White "Seitz, Michael"]
[Black "Hickl, Joerg"]
[Result "0-1"]
[WhiteElo "2275"]
[BlackElo "2540"]
[PlyCount "48"]
[EventDate "1993.??.??"]
[EventType "team"]
[EventRounds "9"]
[EventCountry "GER"]
[SourceTitle "EXT 1997"]
[Source "ChessBase"]
[SourceDate "1996.11.15"]
[SourceVersion "1"]
[SourceVersionDate "1996.11.15"]
[SourceQuality "1"]

1. e4 d6 2. d4 g6 3. Nc3 c6 4. f4 Bg7 5. Nf3 Bg4 6. Be3 Qb6 7. Qd2 Bxf3 8. gxf3 Qa5 9. 0-0-0 Nd7 10. Kb1 b5 11. d5 Bxc3 12. Qxc3 Qxc3 13. bxc3 cxd5 14. Rxd5 a6 15. Bh3 Ngf6 16. Rd2 Rb8 17. e5 Nh5 18. Bg4 Nb6 19. Bd4 Nc4 20. Rdd1 dxe5 21. fxe5 Nf4 22. Bd7+ Kxd7 23. e6+ Kc6 24. Bxh8 Rxh8 0-1